000
00293nam a2200121 a 4500
005
20141022142006.0
008
080922s19uu xx 00 eng d
050
_a
VCD
_b
S3 2003
245
_a
The silence of the lambs.
650
_a
VCD.
650
_a
The silence of the lambs.
942
_c
AVM
999
_c
276503
_d
276503